| 000 | 00513nam a2200157Ia 4500 | ||
|---|---|---|---|
| 008 | 220214s9999 xx 000 0 und d | ||
| 022 | _a0009-9716 | ||
| 245 | 0 | _aCMI Descriptions of Pathogenic Fungi and Bacteria | |
| 246 | _aIMI Descriptions of Fungi and Bacteria | ||
| 260 |
_bCAB International, Wallingford, Oxon _aUK |
||
| 310 | _aQ | ||
| 500 | _aEnding Volume & Year: 1020, 1990 | ||
| 500 | _aMissing Volume: Nos.360-380;720-726;881-910;961-1000 | ||
| 500 | _aStarting Volume & Year: 1, 1964 | ||
| 942 | _cBJ | ||
| 999 |
_c4499 _d4499 |
||